000
00210nam a2200097Ia 4500
008
190216s9999||||xx |||||||||||||| ||und||
100
_a
Karoor Neelakandapillai
245
0
_a
Gowri
260
_b
Null
942
_c
BK
999
_c
24506
_d
24506